[Event "22nd St Petersburg-Moscow Match"]
[Site "St Petersburg RUS"]
[Date "2011.09.17"]
[Round "1"]
[Board "2"]
[White "Alekseev, Evgeny"]
[Black "Nepomniachtchi, Ian"]
[Result "1/2-1/2"]
[WhiteTitle "GM"]
[BlackTitle "GM"]
[WhiteElo "2662"]
[BlackElo "2718"]
[WhiteTeam "St Petersburg"]
[BlackTeam "Moscow"]
[WhiteFideId "4138147"]
[BlackFideId "4168119"]
[EventDate "2011.09.17"]

1. Nf3 g6 2. e4 Bg7 3. d4 d6 4. c3 Nf6 5. Bd3 O-O 6. O-O Nbd7 7. Re1 e5 8. Nbd2
Re8 9. Nf1 d5 10. Nxe5 Nxe5 11. dxe5 Rxe5 12. f4 Bg4 13. Qb3 Rxe4 14. Bxe4 Nxe4
15. Ng3 Nxg3 16. hxg3 c5 17. Qxb7 d4 18. Bd2 Rb8 19. Qc6 h5 20. cxd4 Kh7 21. Kh2
cxd4 22. b4 Rc8 23. Qa4 d3 24. Rac1 Rxc1 25. Rxc1 Qd4 26. Qb3 Be6 27. Qd1 Qb2
28. a4 Bd4 29. Qe1 Qa2 30. a5 a6 31. Rc7 Bg7 32. Qe3 Qd5 33. Qf3 Qb3 34. Qe3 Qd5
35. Rc5 Qd7 36. Qe4 Bf5 37. Qc4 Be6 38. Qxa6 Qd4 39. Rc3 Bf5 40. Qb6 Qxb6 1/2-1/2

[Event "22nd St Petersburg-Moscow Match"]
[Site "St Petersburg RUS"]
[Date "2011.09.17"]
[Round "1"]
[Board "7"]
[White "Riazantsev, Alexander"]
[Black "Matlakov, Maxim"]
[Result "1/2-1/2"]
[WhiteTitle "GM"]
[BlackTitle "GM"]
[WhiteElo "2688"]
[BlackElo "2630"]
[WhiteTeam "Moscow"]
[BlackTeam "St Petersburg"]
[WhiteFideId "4125029"]
[BlackFideId "4168003"]
[EventDate "2011.09.17"]

1. d4 d5 2. c4 c6 3. Nf3 Nf6 4. Nc3 a6 5. e3 e6 6. b3 Bb4 7. Bd2 Nbd7 8. Bd3 O-O
9. O-O Bd6 10. Rc1 e5 11. cxd5 cxd5 12. e4 dxe4 13. Nxe4 Nxe4 14. Bxe4 exd4 15.
Rc4 Nf6 16. Bb1 Bg4 17. Bg5 h6 18. Bh4 Bxf3 19. Qxf3 g5 20. Bg3 Bxg3 21. fxg3
Kg7 22. Qxb7 d3 23. Qb4 Re8 24. Rd4 Qc7 25. Rxd3 Rad8 26. Rdf3 Rd6 27. Bd3 a5
28. Qc4 Qb6+ 29. Kh1 Re3 30. Qb5 Rxf3 31. Rxf3 Qd4 32. h3 g4 33. hxg4 Rd5 34.
Qc4 Nxg4 35. Qxd4+ Rxd4 36. Bc4 Ne5 37. Rf5 f6 38. Kg1 Kg6 39. Rf4 Rd2 40. Rf2
Rd1+ 41. Rf1 Rd2 42. Rf2 Rd1+ 43. Rf1 Rd2 44. a4 Nxc4 45. bxc4 Rc2 46. Rf4 1/2-1/2

[Event "22nd St Petersburg-Moscow Match"]
[Site "St Petersburg RUS"]
[Date "2011.09.17"]
[Round "1"]
[Board "8"]
[White "Yemelin, Vasily"]
[Black "Grachev, Boris"]
[Result "1/2-1/2"]
[WhiteTitle "GM"]
[BlackTitle "GM"]
[WhiteElo "2568"]
[BlackElo "2682"]
[WhiteTeam "St Petersburg"]
[BlackTeam "Moscow"]
[WhiteFideId "4113217"]
[BlackFideId "4129199"]
[EventDate "2011.09.17"]

1. e4 e6 2. d4 d5 3. e5 c5 4. c3 Nc6 5. Nf3 Bd7 6. Be2 Nge7 7. Na3 cxd4 8. cxd4
Nf5 9. Nc2 Nb4 10. Nxb4 Bxb4+ 11. Bd2 Qb6 12. Bxb4 Qxb4+ 13. Qd2 a5 14. Rc1 O-O
15. Bd3 Rfc8 16. Rxc8+ Rxc8 17. Qxb4 axb4 18. Kd2 Ne7 19. Rc1 Nc6 20. Bb5 Ra8
21. Bxc6 Bxc6 22. Ra1 f6 23. Kc2 Ba4+ 24. b3 Be8 25. Kb2 Rc8 26. Rc1 Rxc1 27.
Kxc1 Bg6 28. Kd2 Kf7 29. Ne1 Bb1 30. Kc1 Bf5 31. Kd2 h5 32. g3 h4 33. Ng2 hxg3
34. hxg3 Bb1 35. exf6 gxf6 36. Nf4 Be4 37. Nd3 Bxd3 38. Kxd3 Kg6 39. Ke3 Kf5 40.
f3 Kg5 41. Kd3 Kf5 1/2-1/2

[Event "22nd St Petersburg-Moscow Match"]
[Site "St Petersburg RUS"]
[Date "2011.09.17"]
[Round "1"]
[Board "9"]
[White "Zvjaginsev, Vadim"]
[Black "Shimanov, Aleksandr"]
[Result "1/2-1/2"]
[WhiteTitle "GM"]
[BlackTitle "GM"]
[WhiteElo "2666"]
[BlackElo "2565"]
[WhiteTeam "Moscow"]
[BlackTeam "St Petersburg"]
[WhiteFideId "4113403"]
[BlackFideId "4198603"]
[EventDate "2011.09.17"]

1. e4 Nf6 2. e5 Nd5 3. Nc3 Nxc3 4. bxc3 c5 5. d4 d5 6. exd6 exd6 7. dxc5 Qe7+ 8.
Be2 dxc5 9. Nf3 Qc7 10. O-O Be7 11. g3 O-O 12. Bf4 Qa5 13. Re1 Nc6 14. Ne5 Qxc3
15. Nxc6 bxc6 16. Bf3 Be6 17. Be5 Qc4 18. Bxc6 Rad8 19. Qc1 Bd6 20. Bxg7 Kxg7
21. Qg5+ Kh8 22. Qf6+ Kg8 23. Qg5+ Kh8 24. Qf6+ Kg8 25. Re4 Qxc2 26. Qg5+ Kh8
27. Qf6+ Kg8 28. Qg5+ Kh8 29. Qf6+ Kg8 1/2-1/2

[Event "22nd St Petersburg-Moscow Match"]
[Site "St Petersburg RUS"]
[Date "2011.09.17"]
[Round "1"]
[Board "10"]
[White "Popov, Valerij"]
[Black "Najer, Evgeniy"]
[Result "1/2-1/2"]
[WhiteTitle "GM"]
[BlackTitle "GM"]
[WhiteElo "2545"]
[BlackElo "2637"]
[WhiteTeam "St Petersburg"]
[BlackTeam "Moscow"]
[WhiteFideId "4119410"]
[BlackFideId "4118987"]
[EventDate "2011.09.17"]

1. c4 e5 2. g3 Nf6 3. Bg2 Nc6 4. Nc3 Bc5 5. e3 d6 6. Nge2 a6 7. d4 Ba7 8. O-O
O-O 9. h3 Re8 10. d5 Ne7 11. e4 c6 12. Bg5 cxd5 13. Bxf6 gxf6 14. cxd5 Kh8 15.
Kh2 Rg8 16. f4 Ng6 17. Qd2 exf4 18. Nxf4 Nxf4 19. Rxf4 Bd7 20. Ne2 Rc8 21. b3
Qe7 22. Raf1 Rg6 23. a4 Qe5 24. h4 Bg4 25. Bf3 Bd7 26. Bg2 Bg4 27. Bf3 Bd7 28.
Bg2 1/2-1/2

[Event "22nd St Petersburg-Moscow Match"]
[Site "St Petersburg RUS"]
[Date "2011.09.18"]
[Round "2"]
[Board "2"]
[White "Nepomniachtchi, Ian"]
[Black "Alekseev, Evgeny"]
[Result "1/2-1/2"]
[WhiteTitle "GM"]
[BlackTitle "GM"]
[WhiteElo "2718"]
[BlackElo "2662"]
[WhiteTeam "Moscow"]
[BlackTeam "St Petersburg"]
[WhiteFideId "4168119"]
[BlackFideId "4138147"]
[EventDate "2011.09.17"]

1. c4 c5 2. Nf3 Nc6 3. Nc3 e5 4. e3 Nf6 5. a3 d5 6. cxd5 Nxd5 7. Bb5 Nxc3 8.
bxc3 Bd6 9. Bxc6+ bxc6 10. Qa4 O-O 11. O-O Qb6 12. Ng5 Be7 13. Nf3 Bd6 14. d3
Qa6 15. Qc2 Bg4 16. Ng5 Be7 17. f3 Bxg5 18. fxg4 Rad8 19. Rf5 f6 20. Qa2+ Kh8
21. d4 Qd3 22. dxe5 Qxc3 23. Rf1 fxe5 24. Bd2 Qd3 25. Rae1 c4 26. Bc1 c3 27.
Rxf8+ Rxf8 28. Qb3 c5 29. g3 c4 30. Qb4 Kg8 31. Qc5 c2 32. Qxe5 h6 33. Kg2 Qd1
34. Qc3 Kh7 35. Qd2 Rd8 36. Qf2 Kh8 37. Rf1 c3 38. Qf5 Be7 39. Qg6 Rf8 40. Rxf8+
Bxf8 41. Qf7 Bd6 42. Qe8+ Kh7 43. Qd7 a5 44. Qf5+ Kg8 45. Qc8+ Kf7 46. Qc4+ Ke7
47. Qe4+ Kd8 48. Qa8+ Kd7 49. Qb7+ Bc7 50. Qb5+ Kd6 51. Qa6+ Ke5 52. Qc8 Kd6 53.
Qa6+ Kd7 54. Qb5+ Kd8 55. Qf1 Bd6 56. Qa6 Bc7 57. Qf1 Ke7 58. Qc4 Be5 59. Qb5
Bd6 60. Qb7+ Ke6 61. Qe4+ Kd7 62. Qb7+ Ke6 63. Qe4+ Kd7 1/2-1/2

[Event "22nd St Petersburg-Moscow Match"]
[Site "St Petersburg RUS"]
[Date "2011.09.18"]
[Round "2"]
[Board "7"]
[White "Matlakov, Maxim"]
[Black "Riazantsev, Alexander"]
[Result "0-1"]
[WhiteTitle "GM"]
[BlackTitle "GM"]
[WhiteElo "2630"]
[BlackElo "2688"]
[WhiteTeam "St Petersburg"]
[BlackTeam "Moscow"]
[WhiteFideId "4168003"]
[BlackFideId "4125029"]
[EventDate "2011.09.17"]

1. d4 e6 2. c4 f5 3. g3 Nf6 4. Bg2 c6 5. Nf3 d5 6. O-O Bd6 7. Nbd2 Nbd7 8. Qc2
Qe7 9. Ne5 O-O 10. Nd3 b6 11. cxd5 cxd5 12. Nf3 Ba6 13. Qa4 Bc4 14. b3 b5 15.
Qa5 Bxd3 16. exd3 Rfc8 17. Bd2 Rcb8 18. Rac1 Rb6 19. Rfe1 Nf8 20. Ne5 Qb7 21.
Rc2 Ra6 22. Qc3 Rb6 23. b4 Ra6 24. Qb2 Rc8 25. Rec1 Rxc2 26. Rxc2 N6d7 27. a3
Ng6 28. Nf3 Rc6 29. Be1 Rxc2 30. Qxc2 h6 31. Nd2 Qc7 32. Qb2 Be7 33. Nb3 Bf6 34.
Qe2 Ngf8 35. h3 Nb8 36. Bf3 Nc6 37. Bc3 Qd6 38. Bg2 Ng6 39. Qe3 f4 40. Qf3 fxg3
41. fxg3 Nge7 42. Qf2 Nf5 43. g4 Nh4 44. Bd2 Ng6 45. Bf1 Bh4 46. Qf3 Bd8 47. Be3
Nh4 48. Qe2 Qg3+ 49. Kh1 Nf3 50. Nc5 Bg5 0-1

[Event "22nd St Petersburg-Moscow Match"]
[Site "St Petersburg RUS"]
[Date "2011.09.18"]
[Round "2"]
[Board "8"]
[White "Grachev, Boris"]
[Black "Yemelin, Vasily"]
[Result "1-0"]
[WhiteTitle "GM"]
[BlackTitle "GM"]
[WhiteElo "2682"]
[BlackElo "2568"]
[WhiteTeam "Moscow"]
[BlackTeam "St Petersburg"]
[WhiteFideId "4129199"]
[BlackFideId "4113217"]
[EventDate "2011.09.17"]

1. c4 c5 2. g3 Nc6 3. Bg2 g6 4. Nc3 Bg7 5. Nf3 e6 6. d3 Nge7 7. Bg5 O-O 8. Qd2
d5 9. h4 f6 10. Bh6 b6 11. Bxg7 Kxg7 12. d4 cxd4 13. Nxd4 Nxd4 14. Qxd4 Bb7 15.
cxd5 Rc8 16. h5 Nxd5 17. hxg6 hxg6 18. Qh4 Rh8 19. Qxh8+ Qxh8 20. Rxh8 Kxh8 21.
Bxd5 exd5 22. Rd1 Kg7 23. Nxd5 Bxd5 24. Rxd5 Rc2 25. Rb5 Rc1+ 26. Kd2 Ra1 27. a3
Kf7 28. g4 Rg1 29. f3 Ke6 30. Rb4 g5 31. Ra4 a5 32. b4 axb4 33. Rxb4 Ra1 34.
Rxb6+ Ke5 35. Ra6 Ra2+ 36. Ke3 Rb2 37. Ra5+ Ke6 38. a4 Rb3+ 39. Kd4 Rb2 40. Ra6+
Kf7 41. Ke3 Rb3+ 42. Kd2 Rb2+ 43. Kd3 Rb3+ 44. Kc2 Re3 45. Kd2 Ra3 46. Ra8 Kg7
47. a5 Kf7 48. a6 Kg7 49. e3 Kh7 50. a7 Ra4 51. f4 gxf4 52. exf4 Kg7 53. f5 Kh7
54. g5 fxg5 55. f6 1-0

[Event "22nd St Petersburg-Moscow Match"]
[Site "St Petersburg RUS"]
[Date "2011.09.18"]
[Round "2"]
[Board "9"]
[White "Shimanov, Aleksandr"]
[Black "Zvjaginsev, Vadim"]
[Result "1/2-1/2"]
[WhiteTitle "GM"]
[BlackTitle "GM"]
[WhiteElo "2565"]
[BlackElo "2666"]
[WhiteTeam "St Petersburg"]
[BlackTeam "Moscow"]
[WhiteFideId "4198603"]
[BlackFideId "4113403"]
[EventDate "2011.09.17"]

1. d4 c5 2. d5 Nf6 3. Nc3 d6 4. e4 g6 5. Bb5+ Bd7 6. a4 Bg7 7. Nf3 O-O 8. O-O
Bg4 9. Be2 Bxf3 10. Bxf3 Nbd7 11. Bg5 h6 12. Be3 Qa5 13. Qd2 Kh7 14. Be2 a6 15.
f3 Rfb8 16. Nd1 Qxd2 17. Bxd2 h5 18. Nf2 Ne8 19. c3 Nc7 20. Ra2 b5 21. axb5 axb5
22. Rfa1 Rxa2 23. Rxa2 Rb7 24. Nd3 Bh6 25. f4 f5 26. exf5 gxf5 27. Bxh5 Nf6 28.
Bf3 Ncxd5 29. g3 c4 30. Nf2 e5 31. Ra6 e4 32. Bg2 Bf8 33. Nd1 b4 34. Ra1 bxc3
35. bxc3 Ne7 36. Ne3 d5 37. Bh3 Kg6 38. Ra2 Bg7 39. Kf2 Nfg8 40. Ra6+ Bf6 41. g4
fxg4 42. Nxg4 Rb2 43. Ke1 Rb3 44. Rd6 1/2-1/2

[Event "22nd St Petersburg-Moscow Match"]
[Site "St Petersburg RUS"]
[Date "2011.09.18"]
[Round "2"]
[Board "10"]
[White "Najer, Evgeniy"]
[Black "Popov, Valerij"]
[Result "1-0"]
[WhiteTitle "GM"]
[BlackTitle "GM"]
[WhiteElo "2637"]
[BlackElo "2545"]
[WhiteTeam "Moscow"]
[BlackTeam "St Petersburg"]
[WhiteFideId "4118987"]
[BlackFideId "4119410"]
[EventDate "2011.09.17"]

1. e4 c6 2. d4 d5 3. e5 Bf5 4. c4 e6 5. Nc3 Ne7 6. a3 Nd7 7. c5 b6 8. b4 a5 9.
Be3 f6 10. exf6 gxf6 11. Be2 Bg7 12. Nf3 O-O 13. O-O axb4 14. axb4 bxc5 15. bxc5
Ng6 16. Na2 Qa5 17. Qd2 Qa3 18. h3 Rfb8 19. Kh2 Ne7 20. Nb4 Qb3 21. Na6 Rb7 22.
Nh4 Qb2 23. Nxf5 exf5 24. Nb4 Qxa1 25. Rxa1 Rxa1 26. Bf3 Nb8 27. h4 Ra4 28. Nd3
Nd7 29. Nf4 Nf8 30. g3 Rb1 31. Bg2 Raa1 32. Qe2 Re1 33. Qh5 Nfg6 34. Ne6 Ra3 35.
Qf3 Ra2 36. Nd8 Ra6 37. h5 Nf8 38. Qf4 1-0